00582cam a22001812 4500001001100000005001700011008004100028020002800069040001500097100003400112245008800146250001300234260003400247300001700281650003600298700003600334700003000370000000618220151021151109.0070921s xx 000 0 eng d a007231978X :cKES 2,500 aKABUcKABU1 aStrickland, A. J.@000015757410aCases in strategic management /cA. J. Strickland, Arthur A. Thompson, John Gamble. a12th ed. aBoston :bMcGraw-Hill,c2001. axxiv, 615 p. 0aStrategic planning.@00001505761 aThompson, Arthur A.@00001575751 aGamble, John.@0000157576